10 US states with least amount of domestic tourists - Statistics

General Stats
  • This quiz has been taken 81 times
  • The average score is 8 of 10
Answer Stats
Answer % Correct
Kansas
91%
Arkansas
90%
Nebraska
90%
New Hampshire
89%
North Dakota
89%
Maine
87%
Vermont
87%
Rhode Island
83%
West Virginia
81%
Massachusetts
29%
No matching quizzes found
Score Distribution
Percent of People with Each Score
Percentile by Number Answered
Your Score History
You have not taken this quiz